000 00784nam a2200241Ia 4500
003 OSt
005 20220923230403.0
006 a|||||r|||| 00| 0
007 ta
008 Pun
024 _a280,111
037 _cTextual
040 _aARTS
_cARTS
_bPun
041 _2Pun
_aPun
082 _aO153,2N27:g, M7
100 _aਘੁੰਮਣ, ਰਮਣੀਕ, ਥਦ.
245 0 _aਕਪੂਰ ਸਿੰਘ ਘੰੁਮਣ
_b ਸਿਮ੍ਰਿਤੀ ਦੀਆਂ ਕਿਰਣਾਂ
260 _aਲੁਧਿਆਣਾ
_b ਨਿFਾਂਤ ਪ੍ਰਕਾFਨ
_c1987
300 _a144ਪੰ
_ccm.
650 _aਭੱਜ਼ਾਂਸ਼. ਸਾਂFੲਛ
942 _hO153,2N27:g, M7
_cTEXL
_2CC
999 _c384451
_d384451